| 000 | 00351nam a22001457a 4500 | ||
|---|---|---|---|
| 003 | OSt | ||
| 005 | 20250227145809.0 | ||
| 008 | 250227b |||||||| |||| 00| 0 eng d | ||
| 020 | _a9789361599811 | ||
| 040 | _c | ||
| 082 |
_a808.8 _bTRI |
||
| 245 |
_aGATE Mechanical Engineerign _cTrishnas |
||
| 260 |
_bPearson _c2025 |
||
| 942 |
_2ddc _cBK _k808.8 _mTRI _n0 |
||
| 999 |
_c36146 _d36146 |
||